|
|
|
|
| LEADER |
02943nam a22003613i 4500 |
| 001 |
EBC5725467 |
| 003 |
MiAaPQ |
| 005 |
20231204023214.0 |
| 006 |
m o d | |
| 007 |
cr cnu|||||||| |
| 008 |
231204s2019 xx o ||||0 mar d |
| 020 |
|
|
|a 9789353285296
|q (electronic bk.)
|
| 020 |
|
|
|z 9789353285272
|
| 035 |
|
|
|a (MiAaPQ)EBC5725467
|
| 035 |
|
|
|a (Au-PeEL)EBL5725467
|
| 035 |
|
|
|a (OCoLC)1089987931
|
| 040 |
|
|
|a MiAaPQ
|b eng
|e rda
|e pn
|c MiAaPQ
|d MiAaPQ
|
| 100 |
1 |
|
|a Ghosh, B. N.
|
| 245 |
1 |
0 |
|a Gandhipraneet Arthashastrachya Palikade :
|b Ek Sarjanshil Bhanjan.
|
| 250 |
|
|
|a 1st ed.
|
| 264 |
|
1 |
|a New Delhi :
|b SAGE Publications India Pvt, Ltd.,
|c 2019.
|
| 264 |
|
4 |
|c ©2019.
|
| 300 |
|
|
|a 1 online resource (247 pages)
|
| 336 |
|
|
|a text
|b txt
|2 rdacontent
|
| 337 |
|
|
|a computer
|b c
|2 rdamedia
|
| 338 |
|
|
|a online resource
|b cr
|2 rdacarrier
|
| 505 |
0 |
|
|a Cover -- अनुक्रमणिका -- तक्ते, आकृत्या आणि चौकटी यांची सूची -- प्रस्तावना -- १. गांधीप्रणीत अर्थशास्त्राचा परिशोध -- २. गांधीप्रणीत 'मानव' संकल्पना -- ३. गांधींच्या विचारांतील अवलंबित्व, एकात्मता आणि बदलाची गतिशीलता -- ४. दारिद्र्य आणि आर्थिक विषमतेचे गांधींचे आकलन -- ५. संघर्ष व्यवस्थापनः गांधींचे तत्त्वज्ञान -- ६. द्वंद्ववाद आणि विकास हेगेल, मार्क्स आणि गांधी -- ७. धोरणाधारित समन्याय गांधींच्या परिप्रेक्ष्यातून समकालीन आत्मजाणीव -- ८. राजकारण, सत्ता, अभिशासन आणि गांधी -- ९. शाश्वत विकास आणि गांधी -- १०. गांधीप्रणीत अर्थशास्त्राचे नवअर्थांकन -- संदर्भग्रंथ सूची -- लेखक परिचय.
|
| 588 |
|
|
|a Description based on publisher supplied metadata and other sources.
|
| 590 |
|
|
|a Electronic reproduction. Ann Arbor, Michigan : ProQuest Ebook Central, 2023. Available via World Wide Web. Access may be limited to ProQuest Ebook Central affiliated libraries.
|
| 655 |
|
4 |
|a Electronic books.
|
| 776 |
0 |
8 |
|i Print version:
|a Ghosh, B. N.
|t Gandhipraneet Arthashastrachya Palikade
|d New Delhi : SAGE Publications India Pvt, Ltd.,c2019
|z 9789353285272
|
| 797 |
2 |
|
|a ProQuest (Firm)
|
| 856 |
4 |
0 |
|u https://ebookcentral.proquest.com/lib/matrademy/detail.action?docID=5725467
|z Click to View
|